Arithmetic for vector and parallel computers.
Význam paralelných počítačov pri náhrade nákladných testov prototypov simulačnými programami. Poukaz na to, ako sa dá presná počítačová aritmetika, vypracovaná v Karlsruhe v minulých desaťročiach, efektívne implementovať aj na vektorových a paralelných počítačoch.
Salvato in:
| Autore principale: | |
|---|---|
| Natura: | Capitolo di libro |
| Lingua: | inglese |
| Soggetti: | |
| Tags: |
Nessun Tag, puoi essere il primo ad aggiungerne!!
|
MARC
| LEADER | 00000naa a2200000 4500 | ||
|---|---|---|---|
| 001 | r007303 | ||
| 005 | 20221130102812.4 | ||
| 041 | 0 | |a eng | |
| 044 | |a NL | ||
| 245 | 1 | 0 | |a Arithmetic for vector and parallel computers. |c J.W. von Gudenberg |
| 520 | |a Význam paralelných počítačov pri náhrade nákladných testov prototypov simulačnými programami. Poukaz na to, ako sa dá presná počítačová aritmetika, vypracovaná v Karlsruhe v minulých desaťročiach, efektívne implementovať aj na vektorových a paralelných počítačoch. | ||
| 610 | 2 | 0 | |a matematika aplikovaná |
| 610 | 2 | 0 | |a počítače |
| 610 | 2 | 0 | |a algoritmy |
| 610 | 2 | 0 | |a programy počítačové |
| 610 | 2 | 0 | |a simulácia |
| 100 | 1 | |a Gudenberg, J.W. von | |